El régimen militar de Alfredo Stroessner: fuerzas armadas y política en el Paraguay, 1954-1989

Αποθηκεύτηκε σε:
Λεπτομέρειες βιβλιογραφικής εγγραφής
Κύριος συγγραφέας: Lezcano, Carlos María (Συγγραφέας)
Μορφή: Βιβλίο
Γλώσσα:Ισπανικά
Έκδοση: Santiago ILET 1984
Σειρά:Comisión Sudamericana de Paz. Documento de Trabajo, 7
Θέματα:
Ετικέτες: Προσθήκη ετικέτας
Δεν υπάρχουν, Καταχωρήστε ετικέτα πρώτοι!

MARC

LEADER 00000nam a2200000 a 4500
001 UCP8930
003 CL-VaPUC
005 20220315074418.0
008 000317e19840000cl 1 spa d
082 0 4 |a 320.0989  |b LEZ  |2 21 
100 1 |a Lezcano, Carlos María  |e author  |9 619695 
245 1 3 |a El régimen militar de Alfredo Stroessner: fuerzas armadas y política en el Paraguay, 1954-1989 
260 |a Santiago  |b ILET  |c 1984 
300 |a 67 p 
490 0 |a Comisión Sudamericana de Paz. Documento de Trabajo, 7 
583 |a last modification  |c 20000317 00:00:00  |k Rodrigo Vera 
600 1 7 |a STROESSNER, ALFREDO  |2 CL-VaPUC  |9 526122 
650 0 0 |a Historia política  |9 256974 
650 0 7 |a HISTORIA PARAGUAYA 1954-1989  |2 CL-VaPUC  |9 619696 
650 0 7 |a REGIMEN MILITAR  |2 CL-VaPUC  |9 356963 
650 0 0 |a Congresos  |9 257560 
942 |c BK 
945 |a crobeson  |d 20000317 00:00:00 
546 |a En Español 
536 |a Instituto Paraguayo para la Integración Latinoamericana 
518 |p Encuentro Sudamericano de Jóvenes por la Democracia y la Paz, Asunción, septiembre de 1984 
999 |c 383526  |d 383524 
952 |0 0  |1 0  |4 0  |6 320_098900000000000_LEZ_1984  |7 0  |8 A  |9 505670  |a BIBHIS  |b BIBHIS  |d 2020-01-23  |i 1391771  |o 320.0989 LEZ 1984  |p 1391771  |r 2025-01-20  |w 2020-01-23  |y BK  |k HIS